[Event "GER-chB U25"]
[Site "Oberhof"]
[Date "2011.06.12"]
[Round "1"]
[White "Klinge, Sabina"]
[Black "Kempe, Markus"]
[Result "0-1"]
[WhiteElo "1101"]
[BlackElo "1468"]
[PlyCount "80"]
[EventDate "2011.06.11"]
[EventType "swiss"]
[EventRounds "9"]
[EventCountry "GER"]
[SourceTitle "CBM 142 Extra"]
[Source "ChessBase"]
[SourceDate "2011.06.27"]
[SourceVersion "1"]
[SourceVersionDate "2011.06.27"]
[SourceQuality "1"]

1. e4 c5 2. Nf3 Nc6 3. d4 cxd4 4. Nxd4 Nf6 5. Nc3 d6 6. Be2 e5 7. Nf3 h6 8. O-O
Be7 9. Nd5 Nxe4 10. Nxe7 Qxe7 11. Nd2 Nxd2 12. Qxd2 O-O 13. Qe3 b6 14. Qg3 Qf6
15. Bd3 Bb7 16. Kh1 Nb4 17. f3 Nxd3 18. cxd3 Rac8 19. Qf2 Qg6 20. Rd1 Ba6 21.
Qd2 Rc6 22. b3 Rfc8 23. Qe3 Rc2 24. Qg1 Bxd3 25. Ba3 d5 26. Rdc1 e4 27. Rxc2
Rxc2 28. f4 Qg4 29. Rc1 Qxf4 30. Rxc2 Bxc2 31. Bc1 Qf5 32. h3 Bd3 33. Kh2 Qe5+
34. g3 Qa1 35. Be3 Qxa2+ 36. Qf2 Qxb3 37. Qf5 Qc2+ 38. Kg1 Qd1+ 39. Kg2 Qe2+
40. Qf2 Qxf2+ 0-1

[Event "Fourmies op 35th"]
[Site "Fourmies"]
[Date "2011.06.11"]
[Round "2"]
[White "Heymann, Anna Luise"]
[Black "Abergel, Thal"]
[Result "0-1"]
[WhiteElo "2043"]
[BlackElo "2506"]
[PlyCount "54"]
[EventDate "2011.06.11"]
[EventType "swiss"]
[EventRounds "7"]
[EventCountry "FRA"]
[SourceTitle "OM OTB B 201907"]
[Source "Opening Master"]
[SourceDate "2019.07.06"]
[SourceVersion "2"]
[SourceVersionDate "2019.07.06"]
[SourceQuality "1"]

1. e4 c5 2. Nf3 d6 3. d4 cxd4 4. Nxd4 Nf6 5. Nc3 Nc6 6. Be2 e5 7. Nb3 Be7 8.
O-O O-O 9. Kh1 a5 10. a4 Nb4 11. f4 Be6 12. Nd2 exf4 13. Nf3 d5 14. e5 Ne4 15.
Bxf4 Bc5 16. Nxe4 dxe4 17. Ne1 Qb6 18. Bb5 f6 19. Qe2 fxe5 20. Bxe5 Rxf1+ 21.
Qxf1 Rf8 22. Qe2 Rf2 23. Qxe4 Qxb5 24. Nd3 Qxa4 25. Re1 Bd5 26. Nxc5 Bxe4 27.
Nxa4 Bc6 0-1

[Event "Canarias-ch Absoluto"]
[Site "Tenerife"]
[Date "2011.06.10"]
[Round "3"]
[White "Martin Hernandez, Ruben"]
[Black "Meneses Gonzalez, Kevin Moises"]
[Result "1/2-1/2"]
[WhiteElo "2107"]
[BlackElo "2187"]
[PlyCount "81"]
[EventDate "2011.06.08"]
[EventType "tourn"]
[EventRounds "7"]
[EventCountry "ESP"]
[SourceTitle "OM OTB B 201907"]
[Source "Opening Master"]
[SourceDate "2019.07.06"]
[SourceVersion "2"]
[SourceVersionDate "2019.07.06"]
[SourceQuality "1"]

1. e4 c5 2. Nf3 d6 3. d4 cxd4 4. Nxd4 Nf6 5. Nc3 Nc6 6. Be2 e5 7. Nb3 Be7 8.
Bg5 Be6 9. O-O O-O 10. Qd2 a5 11. Bxf6 Bxf6 12. a4 Bg5 13. Qd1 Nb4 14. Nb5 Be7
15. c3 Na6 16. Nd2 Nc5 17. Bc4 Qd7 18. Qe2 Qc6 19. Rfd1 Rfd8 20. Bd5 Bxd5 21.
exd5 Qd7 22. Nc4 Nxa4 23. Nxe5 Nxc3 24. Nxc3 dxe5 25. Qxe5 Bf6 26. Qe4 b5 27.
Qe2 Bxc3 28. bxc3 a4 29. Rdb1 Rab8 30. Qd3 Qxd5 31. Qxd5 Rxd5 32. c4 Rc5 33.
Rxa4 Rbc8 34. Ra5 Rxc4 35. g3 b4 36. Rb5 h5 37. R5xb4 Rxb4 38. Rxb4 g6 39. h4
Rc2 40. Kg2 Kg7 41. Rb6 1/2-1/2

[Event "Budapest FS06 FM-A"]
[Site "Budapest"]
[Date "2011.06.09"]
[Round "6"]
[White "Xu, Fei"]
[Black "Havaskori, Laszlo"]
[Result "1/2-1/2"]
[WhiteElo "1951"]
[BlackElo "2084"]
[PlyCount "73"]
[EventDate "2011.06.04"]
[EventType "tourn"]
[EventRounds "11"]
[EventCountry "HUN"]
[SourceTitle "OM OTB B 201907"]
[Source "Opening Master"]
[SourceDate "2019.07.06"]
[SourceVersion "2"]
[SourceVersionDate "2019.07.06"]
[SourceQuality "1"]

1. e4 c5 2. Nf3 d6 3. d4 cxd4 4. Nxd4 Nf6 5. Nc3 Nc6 6. Be2 e5 7. Nb3 Be7 8.
Be3 Be6 9. O-O O-O 10. f3 d5 11. exd5 Nxd5 12. Nxd5 Qxd5 13. Qe1 Nd4 14. Nxd4
exd4 15. Bf2 Bf6 16. Bd3 Bf5 17. Qd2 Rfd8 18. Rfd1 Bxd3 19. Qxd3 Qc6 20. Qb3
Rac8 21. Rd2 Qc4 22. Qxc4 Rxc4 23. Rad1 Rdc8 24. Bxd4 Bg5 25. Rd3 Rxc2 26. Bxa7
Rxb2 27. f4 Bf6 28. R3d2 Rb4 29. Be3 h5 30. Kf2 Ra8 31. Rc1 Rba4 32. Rc7 b5 33.
Rcc2 b4 34. g3 Bc3 35. Re2 R8a5 36. Bb6 Rd5 37. Kg2 1/2-1/2

[Event "EU-chT ICSC 20th"]
[Site "Liverpool"]
[Date "2011.06.09"]
[Round "1"]
[White "Kreuzer, Christopher RL"]
[Black "Schmid, Jaroslav"]
[Result "1/2-1/2"]
[WhiteElo "1929"]
[BlackElo "2091"]
[PlyCount "128"]
[EventDate "2011.06.09"]
[EventType "team-tourn"]
[EventRounds "7"]
[EventCountry "ENG"]
[SourceTitle "OM OTB B 201907"]
[Source "Opening Master"]
[SourceDate "2019.07.06"]
[SourceVersion "2"]
[SourceVersionDate "2019.07.06"]
[SourceQuality "1"]

1. e4 c5 2. Nf3 d6 3. d4 cxd4 4. Nxd4 Nf6 5. Nc3 Nc6 6. Be2 e5 7. Nb3 Be6 8.
Be3 a6 9. f3 b5 10. O-O Be7 11. Qd2 h6 12. Nd5 Bxd5 13. exd5 Nb8 14. a4 bxa4
15. Rxa4 O-O 16. Bxh6 Ne8 17. Be3 Qc8 18. Rfa1 Qb7 19. Na5 Qd7 20. Nc4 Bd8 21.
Nb6 Bxb6 22. Bxb6 Qb7 23. Rb4 Nf6 24. Ra5 Rc8 25. Be3 Qc7 26. Rc4 Qb7 27. b3
Nfd7 28. Bd3 Rc7 29. Qf2 Nf6 30. Rxc7 Qxc7 31. b4 Qb7 32. c3 Nbd7 33. Qa2 Qc7
34. c4 Rb8 35. Qa3 Nb6 36. Qa2 Nbd7 37. Qa3 Nb6 38. Qa2 Nbd7 39. Ra4 a5 40.
Rxa5 Rxb4 41. Ra8+ Rb8 42. Ra7 Rb7 43. Qa6 Rxa7 44. Qxa7 Qxa7 45. Bxa7 Kf8 46.
Kf2 Ne8 47. Ke3 Nc7 48. f4 Na6 49. fxe5 Nxe5 50. Be2 Nd7 51. Kd4 g6 52. Bd1
Nac5 53. Bxc5 Nxc5 54. Be2 Kg7 55. Ke3 Kf6 56. h4 Kg7 57. g4 Nd7 58. Kf4 Kf6
59. g5+ Kg7 60. h5 gxh5 61. Bxh5 Nb6 62. Be2 Kf8 63. Kf5 Ke7 64. Bd3 Nd7
1/2-1/2

[Event "Llinars del Valles op-B 5th"]
[Site "Llinars del Valles"]
[Date "2011.06.04"]
[Round "7"]
[White "Florit Ballester, Enric"]
[Black "Gimenez Canadas, Carlos"]
[Result "0-1"]
[WhiteElo "1612"]
[BlackElo "1744"]
[PlyCount "110"]
[EventDate "2011.04.30"]
[EventType "swiss"]
[EventRounds "7"]
[EventCountry "ESP"]
[SourceTitle "OM OTB B 201907"]
[Source "Opening Master"]
[SourceDate "2019.07.06"]
[SourceVersion "2"]
[SourceVersionDate "2019.07.06"]
[SourceQuality "1"]

1. e4 c5 2. Nf3 d6 3. d4 cxd4 4. Nxd4 Nf6 5. Nc3 Nc6 6. Be2 e5 7. Nf3 Be6 8.
O-O Be7 9. a3 O-O 10. Be3 d5 11. exd5 Nxd5 12. Nxd5 Qxd5 13. Qxd5 Bxd5 14. c4
Be6 15. Rfd1 Rfd8 16. Kf1 Bf6 17. Bg5 Bxg5 18. Nxg5 Nd4 19. Nxe6 Nxe6 20. Bf3
Nd4 21. Bd5 Nc6 22. Rab1 Rac8 23. Bxc6 bxc6 24. c5 Kf8 25. Ke2 a5 26. b4 axb4
27. axb4 Ke7 28. f3 f5 29. g3 Rb8 30. Rxd8 Kxd8 31. Kd3 Kc7 32. Ke2 Ra8 33. Rb2
Ra3 34. h3 e4 35. fxe4 Rxg3 36. Rb1 fxe4 37. h4 Rh3 38. Ra1 Kb7 39. Rd1 Rd3 40.
Rf1 Rd7 41. Ke3 Re7 42. Ra1 g6 43. Ra2 h6 44. Rg2 Re6 45. Rg4 Ka6 46. Rg1 Kb5
47. Rb1 g5 48. hxg5 hxg5 49. Kd4 e3 50. Kc3 e2 51. Re1 g4 52. Kb3 g3 53. Ra1
Re3+ 54. Kc2 e1=Q 55. Ra5+ Kxb4 0-1

[Event "Syre Memorial op 34th"]
[Site "Issy les Moulineaux"]
[Date "2011.06.04"]
[Round "3"]
[White "Grigorian, Roudolph"]
[Black "Bernard, Christophe"]
[Result "0-1"]
[WhiteElo "1914"]
[BlackElo "2349"]
[PlyCount "70"]
[EventDate "2011.06.03"]
[EventType "swiss"]
[EventRounds "6"]
[EventCountry "FRA"]
[SourceTitle "OM OTB B 201907"]
[Source "Opening Master"]
[SourceDate "2019.07.06"]
[SourceVersion "2"]
[SourceVersionDate "2019.07.06"]
[SourceQuality "1"]

1. e4 c5 2. Nf3 d6 3. d4 cxd4 4. Nxd4 Nf6 5. Nc3 Nc6 6. Be2 e5 7. Nb3 Be7 8.
O-O O-O 9. Kh1 a5 10. a4 Nb4 11. f4 Be6 12. f5 Bd7 13. Be3 Bc6 14. Bf3 d5 15.
Nxd5 Nbxd5 16. exd5 Nxd5 17. Bf2 Nb4 18. Qxd8 Rfxd8 19. Bxc6 bxc6 20. Nxa5 Rxa5
21. Bb6 Raa8 22. Bxd8 Bxd8 23. Rf2 Kf8 24. Re2 f6 25. c3 Nd5 26. Rd2 Ke7 27.
Rd3 Bb6 28. Rg3 Kf7 29. h4 e4 30. c4 Ne3 31. a5 Nxf5 32. Rga3 Bc5 33. Rb3 e3
34. Rb7+ Kg6 35. g4 Nxh4 0-1

[Event "BUL-chT"]
[Site "Albena"]
[Date "2011.06.03"]
[Round "2.2"]
[White "Badev, Kiril"]
[Black "Ermenkov, Evgenij P"]
[Result "1-0"]
[WhiteElo "2307"]
[BlackElo "2451"]
[PlyCount "181"]
[EventDate "2011.06.02"]
[EventType "team-tourn"]
[EventRounds "7"]
[EventCountry "BUL"]
[SourceTitle "OM OTB B 201907"]
[Source "Opening Master"]
[SourceDate "2019.07.06"]
[SourceVersion "2"]
[SourceVersionDate "2019.07.06"]
[SourceQuality "1"]

1. e4 c5 2. Nf3 d6 3. d4 cxd4 4. Nxd4 Nf6 5. Nc3 Nc6 6. Be2 e5 7. Nf3 h6 8. O-O
a6 9. a4 Be6 10. Re1 Be7 11. Bf1 O-O 12. h3 Nb8 13. a5 Re8 14. Nd5 Nxd5 15.
exd5 Bf5 16. c4 Nd7 17. b4 Bf8 18. Be3 Bg6 19. Nd2 Rc8 20. Rc1 e4 21. Bd4 Ne5
22. Nxe4 Nxc4 23. Nf6+ gxf6 24. Rxc4 Rxc4 25. Bxc4 Bg7 26. Rxe8+ Qxe8 27. Qe2
Qxe2 28. Bxe2 Be4 29. Bc4 Bf5 30. f3 Bd7 31. Kf2 Kf8 32. Bd3 f5 33. Bxg7+ Kxg7
34. Ke3 Kf6 35. Kf4 h5 36. g3 Bc8 37. g4 hxg4 38. fxg4 fxg4 39. hxg4 Bd7 40.
g5+ Ke7 41. Bf5 Bb5 42. Bc8 Kd8 43. Bf5 Bc4 44. Be4 Bb3 45. Ke3 Bc4 46. Kd4 Be2
47. Bd3 Bf3 48. Bc4 Bg2 49. Be2 Bh3 50. b5 axb5 51. Bxb5 Bf5 52. Be2 Kc7 53.
Bh5 Bg6 54. Bxg6 fxg6 55. Kc4 Kb8 56. Kb4 Ka8 57. Kb5 Ka7 58. a6 bxa6+ 59. Kc6
a5 60. Kxd6 a4 61. Ke6 a3 62. d6 a2 63. d7 a1=Q 64. d8=Q Qb1 65. Kf7 Qc2 66.
Qf6 Qd3 67. Qxg6 Qd7+ 68. Kg8 Qg4 69. Qf6 Qh4 70. Kg7 Qh3 71. g6 Qd3 72. Kg8
Qe4 73. Kf8 Qa8+ 74. Kf7 Qd5+ 75. Qe6 Qh5 76. Kg8 Qh6 77. Qf6 Qe3 78. Kf8 Qh3
79. g7 Qc8+ 80. Kf7 Qc4+ 81. Qe6 Qf4+ 82. Ke7 Qb4+ 83. Ke8 Qb8+ 84. Ke7 Qb4+
85. Qd6 Qe4+ 86. Kd8 Qa8+ 87. Kd7 Qg2 88. Qa3+ Kb6 89. Qb3+ Ka7 90. g8=Q Qd2+
91. Qbd5 1-0

[Event "Recife Arraes Memorial 4th"]
[Site "Recife"]
[Date "2011.06.02"]
[Round "1"]
[White "Alves Campelo, Danilo Cesar De"]
[Black "Barreto Filho, Carlos Alberto"]
[Result "1-0"]
[WhiteElo "1942"]
[BlackElo "2321"]
[PlyCount "76"]
[EventDate "2011.06.02"]
[EventType "swiss"]
[EventRounds "7"]
[EventCountry "BRA"]
[SourceTitle "OM OTB B 201907"]
[Source "Opening Master"]
[SourceDate "2019.07.06"]
[SourceVersion "2"]
[SourceVersionDate "2019.07.06"]
[SourceQuality "1"]

1. e4 c5 2. Nf3 d6 3. d4 cxd4 4. Nxd4 Nf6 5. Nc3 Nc6 6. Be2 e5 7. Ndb5 a6 8.
Na3 b5 9. Nd5 Nxe4 10. Bf3 f5 11. Be3 Rb8 12. Bxe4 fxe4 13. O-O Be7 14. f3 O-O
15. fxe4 Rxf1+ 16. Qxf1 Bg5 17. Qf2 Be6 18. Bb6 Qd7 19. c4 bxc4 20. Nxc4 Bxd5
21. exd5 Nb4 22. Qf3 Rxb6 23. Nxb6 Qa7 24. Rf1 Qxb6+ 25. Kh1 Bf6 26. a3 Nc2 27.
Qc3 Nd4 28. Qc8+ Qd8 29. Qxa6 h6 30. b4 e4 31. b5 Kh7 32. b6 Be5 33. g3 Qg5 34.
b7 Qd2 35. b8=Q Nf3 36. Rxf3 exf3 37. Qb1+ g6 38. Qbb7+ Bg7 1-0

[Event "Tournament \"]
[Site "Novokuznetsk (Russia)"]
[Date "2011.06.??"]
[Round "6"]
[White "Lyashenko, Anna"]
[Black "Fayzullin, Ruslan"]
[Result "1-0"]
[WhiteElo "2030"]
[BlackElo "1899"]
[PlyCount "119"]
[EventDate "2011.??.??"]
[EventRounds "9"]
[EventCountry "RUS"]
[SourceTitle "OM OTB B 201907"]
[Source "Opening Master"]
[SourceDate "2019.07.06"]
[SourceVersion "2"]
[SourceVersionDate "2019.07.06"]
[SourceQuality "1"]

1. e4 c5 2. Nf3 Nc6 3. d4 cxd4 4. Nxd4 Nf6 5. Nc3 d6 6. Be2 e5 7. Nb3 Be7 8.
O-O O-O 9. Be3 Be6 10. Bf3 a5 11. Nd5 a4 12. Nxe7+ Qxe7 13. Nd2 h6 14. Be2 d5
15. exd5 Nxd5 16. c4 Nxe3 17. fxe3 f5 18. Kh1 Rfd8 19. Qc2 e4 20. g4 fxg4 21.
Nxe4 Rf8 22. Ng3 Qc5 23. Qg6 Bf7 24. Qxg4 Ne5 25. Qd4 Qc6+ 26. Kg1 Rae8 27. Rf5
Nd7 28. Bf3 Qc7 29. Rf1 Bg6 30. Bd5+ Kh7 31. Rxf8 Nxf8 32. Qf4 Qb6 33. Qd4 Qc7
34. Nf5 Qd7 35. Nh4 Qd8 36. Qg4 Qd6 37. Nxg6 Qxg6 38. Qxg6+ Nxg6 39. e4 Ne5 40.
b3 axb3 41. axb3 Ra8 42. Rb1 Rb8 43. c5 Kg6 44. Kg2 Kf6 45. Rf1+ Kg6 46. Rf5
Nd7 47. h4 Nf6 48. h5+ Kh7 49. Re5 Nd7 50. Re7 Nxc5 51. e5 b5 52. Bf7 Rd8 53.
Rc7 Nd7 54. e6 Nf6 55. e7 Rb8 56. Rc6 Ne8 57. Kf3 Kh8 58. Rc3 Nf6 59. Rd3 Kh7
60. Bg6+ 1-0

[Event "Ch Poland (for the Blind)"]
[Site "Gera Jastrzebia (Poland)"]
[Date "2011.06.??"]
[Round "3"]
[White "Gunajew, Rafal"]
[Black "Gosek, Zenon"]
[Result "1-0"]
[WhiteElo "2222"]
[BlackElo "2089"]
[PlyCount "83"]
[EventDate "2011.??.??"]
[EventCountry "GER"]
[SourceTitle "OM OTB B 201907"]
[Source "Opening Master"]
[SourceDate "2019.07.06"]
[SourceVersion "2"]
[SourceVersionDate "2019.07.06"]
[SourceQuality "1"]

1. e4 c5 2. Nf3 Nc6 3. d4 cxd4 4. Nxd4 Nf6 5. Nc3 d6 6. Be2 e5 7. Nb3 Be7 8.
O-O O-O 9. Re1 Be6 10. Bf3 a6 11. Be3 b5 12. a4 b4 13. Nd5 Bxd5 14. exd5 Na5
15. Qd3 Nxb3 16. Qxb3 a5 17. Be2 Nd7 18. Bb5 f5 19. f3 f4 20. Bf2 Rc8 21. Rac1
Nc5 22. Qa2 Bh4 23. Bxh4 Qxh4 24. c3 b3 25. Qb1 Rf6 26. Re2 Rh6 27. h3 Qg5 28.
Kh1 Rf8 29. Rf1 Rff6 30. Qe1 Rh4 31. c4 Rf8 32. Qxa5 Qg3 33. Qe1 Qg5 34. a5 Ra8
35. a6 Rh6 36. Qa5 Qe7 37. Ra1 Ra7 38. Qb6 Rf6 39. Bc6 Rf8 40. Bb7 Rxb7 41.
axb7 Nxb7 42. Ra7 1-0

[Event "Tournament \"]
[Site "Novokuznetsk (Russia)"]
[Date "2011.06.??"]
[Round "2"]
[White "Lyashenko, Anna"]
[Black "Epifantsev, Igor"]
[Result "0-1"]
[WhiteElo "2030"]
[BlackElo "2226"]
[PlyCount "81"]
[EventDate "2011.??.??"]
[EventRounds "9"]
[EventCountry "RUS"]
[SourceTitle "OM OTB B 201907"]
[Source "Opening Master"]
[SourceDate "2019.07.06"]
[SourceVersion "2"]
[SourceVersionDate "2019.07.06"]
[SourceQuality "1"]

1. e4 c5 2. Nf3 d6 3. d4 cxd4 4. Nxd4 Nf6 5. Nc3 Nc6 6. Be2 e5 7. Nb3 Be7 8.
O-O O-O 9. f4 a6 10. a4 exf4 11. Bxf4 Be6 12. Nd2 Qb6+ 13. Kh1 Qxb2 14. Rf3 Qb6
15. Rg3 Kh8 16. Nc4 Bxc4 17. Bxc4 Qc5 18. Bd5 Rab8 19. Rb1 Nb4 20. Rh3 Nbxd5
21. Nxd5 Nxd5 22. exd5 b5 23. Rc1 Qc4 24. Qh5 Qe4 25. Bg3 Qg6 26. Qe2 Bg5 27.
Re1 Rbc8 28. axb5 Rxc2 29. Qe8 Rc8 30. Qd7 Bd2 31. Rg1 Rfd8 32. Qb7 axb5 33.
Qxb5 Rc5 34. Qb6 Ba5 35. Qb3 Qf5 36. Bh4 Rdc8 37. Rd3 Qe4 38. Bg3 Rc1 39. Rdd1
R1c3 40. Qb7 R3c7 41. Rge1 0-1

[Event "Sudety op 4th"]
[Site "Szklarska Poreba"]
[Date "2011.05.31"]
[Round "4"]
[White "Muzyka, Dominik"]
[Black "Dmochowska, Agnieszka"]
[Result "1/2-1/2"]
[WhiteElo "1529"]
[BlackElo "1710"]
[PlyCount "103"]
[EventDate "2011.05.29"]
[EventType "swiss"]
[EventRounds "9"]
[EventCountry "POL"]
[SourceTitle "OM OTB B 201907"]
[Source "Opening Master"]
[SourceDate "2019.07.06"]
[SourceVersion "2"]
[SourceVersionDate "2019.07.06"]
[SourceQuality "1"]

1. e4 c5 2. Nf3 Nc6 3. d4 cxd4 4. Nxd4 Nf6 5. Nc3 d6 6. Be2 e5 7. Nb3 Be7 8.
Bg5 a5 9. Bxf6 Bxf6 10. Nd5 a4 11. Nd2 Be6 12. Nc4 Nd4 13. Ncb6 Bxd5 14. Nxd5
O-O 15. c3 Nxe2 16. Qxe2 Be7 17. O-O f5 18. f3 Bg5 19. Qc4 Kh8 20. Rad1 Qd7 21.
Qb4 b5 22. Rd3 Qa7+ 23. Kh1 fxe4 24. Qxe4 Qc5 25. Qb4 Rad8 26. Rdd1 Qxb4 27.
Nxb4 Rf4 28. Nc6 Re8 29. Rxd6 Rc4 30. Re1 Rc5 31. Re4 Kg8 32. Nb4 a3 33. Nd3
axb2 34. Nxb2 Rxc3 35. Nd3 Rc2 36. g3 Rxa2 37. Rxe5 Rxe5 38. Nxe5 Bf6 39. Nd7
Be7 40. Rb6 b4 41. Ne5 g6 42. Nc6 Bc5 43. Rb5 Bf8 44. Nxb4 Rb2 45. Rb8 Rxb4 46.
Rxb4 Bxb4 47. f4 Kf7 48. g4 Kf6 49. Kg2 h6 50. h4 Be7 51. Kg3 Ke6 52. f5+
1/2-1/2

[Event "Bhubaneswar op 3rd"]
[Site "Bhubaneswar"]
[Date "2011.05.28"]
[Round "1"]
[White "Shetye, Shyam"]
[Black "Ashwin, Jayaram"]
[Result "0-1"]
[WhiteElo "1859"]
[BlackElo "2439"]
[PlyCount "50"]
[EventDate "2011.05.28"]
[EventType "swiss"]
[EventRounds "11"]
[EventCountry "IND"]
[SourceTitle "OM OTB B 201907"]
[Source "Opening Master"]
[SourceDate "2019.07.06"]
[SourceVersion "2"]
[SourceVersionDate "2019.07.06"]
[SourceQuality "1"]

1. e4 c5 2. Nf3 d6 3. d4 cxd4 4. Nxd4 Nf6 5. Nc3 Nc6 6. Be2 e5 7. Nb3 Be7 8.
O-O O-O 9. f4 a5 10. a4 Nb4 11. Bf3 Be6 12. f5 Qb6+ 13. Kh1 Bc4 14. Rg1 Nxc2
15. Qxc2 Bxb3 16. Qe2 d5 17. Nxd5 Bxd5 18. exd5 Bc5 19. Rd1 e4 20. Bg4 e3 21.
Bf3 Rfe8 22. Qd3 Qb4 23. b3 e2 24. Bxe2 Ne4 25. Rf1 Qd4 0-1

[Event "Bhubaneswar op 3rd"]
[Site "Bhubaneswar"]
[Date "2011.05.28"]
[Round "1"]
[White "Sunyasakta, Satpathy"]
[Black "Gupta, Abhijeet"]
[Result "0-1"]
[WhiteElo "1925"]
[BlackElo "2604"]
[PlyCount "72"]
[EventDate "2011.05.28"]
[EventType "swiss"]
[EventRounds "11"]
[EventCountry "IND"]
[SourceTitle "OM OTB B 201907"]
[Source "Opening Master"]
[SourceDate "2019.07.06"]
[SourceVersion "2"]
[SourceVersionDate "2019.07.06"]
[SourceQuality "1"]

1. e4 c5 2. Nf3 d6 3. d4 cxd4 4. Nxd4 Nf6 5. Nc3 Nc6 6. Be2 e5 7. Nf3 h6 8. h3
Be7 9. O-O O-O 10. Be3 Be6 11. Qd2 a6 12. Rfd1 b5 13. Bd3 b4 14. Na4 Rb8 15. c4
Qc7 16. Rac1 Rfd8 17. Ne1 a5 18. f4 exf4 19. Bxf4 Ne5 20. Qe3 Nh5 21. Rc2 Nxf4
22. Qxf4 Bg5 23. Qf2 Bd7 24. b3 Bxa4 25. bxa4 b3 26. axb3 Rxb3 27. Rb2 Be3 28.
Qxe3 Rxb2 29. Nf3 Qc5 30. Qxc5 Nxf3+ 31. gxf3 dxc5 32. Kf1 Kf8 33. Be2 Rxd1+
34. Bxd1 Ke7 35. Be2 g5 36. Kf2 Ra2 0-1

[Event "Druga Clanska Liga Vzhod"]
[Site "?"]
[Date "2011.05.28"]
[Round "?"]
[White "Vukmirovic, Dusan"]
[Black "Vrabic, Anita"]
[Result "1/2-1/2"]
[WhiteElo "2102"]
[BlackElo "2118"]
[PlyCount "134"]
[EventDate "2011.??.??"]
[SourceTitle "OM OTB B 201907"]
[Source "Opening Master"]
[SourceDate "2019.07.06"]
[SourceVersion "2"]
[SourceVersionDate "2019.07.06"]
[SourceQuality "1"]

1. e4 c5 2. Nf3 Nc6 3. d4 cxd4 4. Nxd4 Nf6 5. Nc3 d6 6. Be2 e5 7. Nf3 Be7 8. h3
h6 9. Be3 Be6 10. Bb5 O-O 11. Qe2 Na5 12. O-O a6 13. Bd3 b5 14. Rad1 Qc7 15.
Nd2 Nc4 16. Bxc4 bxc4 17. Nf3 Rab8 18. Bc1 Qc6 19. Rfe1 Bd8 20. Nh2 Ba5 21. Qf3
Ne8 22. Nd5 Bxd5 23. exd5 Qd7 24. Re4 Rc8 25. Rg4 f5 26. Rg6 Rf6 27. Rxf6 Nxf6
28. Qa3 Qc7 29. f4 Qc5+ 30. Qxc5 Rxc5 31. fxe5 dxe5 32. d6 Kf7 33. Nf3 Ke6 34.
c3 Rd5 35. Re1 Kxd6 36. Nxe5 Rxe5 37. Bf4 Bb6+ 38. Kh2 Ne4 39. Rd1+ Ke6 40.
Bxe5 Kxe5 41. Rd7 Kf6 42. b3 cxb3 43. axb3 a5 44. Rb7 Bc5 45. b4 Bd6+ 46. Kh1
axb4 47. cxb4 Ke6 48. b5 Be5 49. b6 Nc5 50. Ra7 Nd7 51. b7 Bb8 52. Ra6+ Kf7 53.
Kg1 Nc5 54. Ra8 Nd7 55. Kf2 g5 56. Ke3 h5 57. Kd4 g4 58. Kd5 f4 59. hxg4 hxg4
60. Ra3 Ke7 61. Ra1 g3 62. Rd1 Ne5 63. Rh1 f3 64. gxf3 Nxf3 65. Rh7+ Kf6 66.
Rh8 Ba7 67. Rf8+ Kg5 1/2-1/2

[Event "MNT-ch 63rd"]
[Site "Tivat"]
[Date "2011.05.26"]
[Round "6"]
[White "Bubanja, Masan"]
[Black "Vujacic, Igor"]
[Result "0-1"]
[WhiteElo "1937"]
[BlackElo "2194"]
[PlyCount "122"]
[EventDate "2011.05.21"]
[EventType "swiss"]
[EventRounds "9"]
[EventCountry "MNE"]
[SourceTitle "OM OTB B 201907"]
[Source "Opening Master"]
[SourceDate "2019.07.06"]
[SourceVersion "2"]
[SourceVersionDate "2019.07.06"]
[SourceQuality "1"]

1. e4 c5 2. Nf3 Nc6 3. d4 cxd4 4. Nxd4 Nf6 5. Nc3 d6 6. Be2 e5 7. Nb3 Be7 8.
Be3 O-O 9. Qd2 a5 10. a3 a4 11. Nc1 Be6 12. O-O d5 13. exd5 Nxd5 14. Nxd5 Bxd5
15. Rd1 Be6 16. Qxd8 Rfxd8 17. Nd3 Bc4 18. Kf1 f5 19. Ke1 e4 20. Nf4 Bf7 21.
Rxd8+ Rxd8 22. Bb6 Rc8 23. Bb5 Bf6 24. c3 Bb3 25. Ne2 Ne5 26. Nd4 Bc4 27. Bxa4
Nd3+ 28. Kd2 Bg5+ 29. Kc2 Nxf2 30. Nxf5 Bd3+ 31. Kb3 Bc4+ 32. Kc2 Ng4 33. h4
Bd3+ 34. Kb3 Bc4+ 35. Kc2 Bd3+ 36. Kb3 Rf8 37. Bd7 Bd2 38. Ne7+ Kf7 39. Bxg4
Kxe7 40. Bc5+ Kf7 41. Bxf8 Kxf8 42. Rd1 Be3 43. Be6 Bf2 44. a4 e3 45. Bg4 Be4
46. Be2 Bxg2 47. Rd4 g6 48. Kc4 Bh3 49. b4 Be6+ 50. Kb5 h5 51. c4 g5 52. hxg5
h4 53. Rd1 h3 54. Rh1 Bg3 55. Kb6 Bf5 56. Kc5 h2 57. Bf3 e2 58. Bxb7 Bf2+ 59.
Kd6 Bg3+ 60. Kc5 Bf2+ 61. Kb5 Bg1 0-1

[Event "Tagaytay City zt 3.3 (Women)"]
[Site "Tagaytay City"]
[Date "2011.05.25"]
[Round "2"]
[White "Medina, Warda Aulia"]
[Black "Nguyen, Thi Thanh An"]
[Result "1/2-1/2"]
[WhiteElo "2035"]
[BlackElo "2338"]
[PlyCount "114"]
[EventDate "2011.05.24"]
[EventType "swiss"]
[EventRounds "9"]
[EventCountry "PHI"]
[SourceTitle "OM OTB B 201907"]
[Source "Opening Master"]
[SourceDate "2019.07.06"]
[SourceVersion "2"]
[SourceVersionDate "2019.07.06"]
[SourceQuality "1"]

1. e4 c5 2. Nf3 Nc6 3. d4 cxd4 4. Nxd4 Nf6 5. Nc3 d6 6. Be2 e5 7. Nf3 h6 8. h3
Be7 9. O-O O-O 10. Re1 Be6 11. Bf1 Qd7 12. Nd5 Bd8 13. c4 Nh7 14. b3 Ng5 15.
Bb2 f5 16. Nxg5 Bxg5 17. exf5 Bxf5 18. Bd3 Rae8 19. Be4 Bh4 20. g3 Bd8 21. h4
Qf7 22. Qf3 Ba5 23. Re2 g6 24. Rd1 Qd7 25. a3 Bd8 26. Bxf5 gxf5 27. Qh5 Re6 28.
c5 Qe8 29. Qxe8 Rfxe8 30. cxd6 Rxd6 31. Red2 Kf7 32. b4 a6 33. Kg2 Be7 34. Ne3
Rxd2 35. Rxd2 Ke6 36. Nc4 Rd8 37. Re2 e4 38. f3 Nd4 39. Bxd4 Rxd4 40. Ne3 Rd3
41. fxe4 fxe4 42. Ng4 Kd5 43. Nxh6 Rxa3 44. Ng8 Bxb4 45. Nf6+ Ke5 46. Nxe4 a5
47. Nc5+ Kf6 48. Nxb7 a4 49. Nd8 Rb3 50. Re6+ Kg7 51. h5 a3 52. h6+ Kh7 53. Nf7
Bd2 54. g4 Bxh6 55. Nxh6 a2 56. Ra6 a1=Q 57. Rxa1 Kxh6 1/2-1/2

[Event "Tagaytay City zt 3.3 (Women)"]
[Site "Tagaytay City"]
[Date "2011.05.25"]
[Round "2"]
[White "Neo, Xiuwen Christabel"]
[Black "Docena, Jedara"]
[Result "1/2-1/2"]
[WhiteElo "1869"]
[BlackElo "2035"]
[PlyCount "91"]
[EventDate "2011.05.24"]
[EventType "swiss"]
[EventRounds "9"]
[EventCountry "PHI"]
[SourceTitle "OM OTB B 201907"]
[Source "Opening Master"]
[SourceDate "2019.07.06"]
[SourceVersion "2"]
[SourceVersionDate "2019.07.06"]
[SourceQuality "1"]

1. e4 c5 2. Nf3 Nc6 3. d4 cxd4 4. Nxd4 Nf6 5. Nc3 d6 6. Be2 e5 7. Nb3 Be7 8.
Be3 O-O 9. O-O a5 10. a4 Be6 11. Bf3 Nb4 12. Bg5 Rc8 13. Nc1 h6 14. Bxf6 Bxf6
15. Re1 Qb6 16. Rb1 Rfd8 17. Nd3 Bc4 18. Nxb4 axb4 19. Nd5 Bxd5 20. exd5 Rc4
21. Re4 Rdc8 22. Rxc4 Rxc4 23. b3 Rc3 24. Be4 Bd8 25. Qg4 Kf8 26. Rd1 Bf6 27.
g3 g6 28. Qe2 Kg7 29. Rd3 Rc7 30. Rd1 Bd8 31. Bd3 Qc5 32. Bc4 Re7 33. Re1 Bb6
34. Kg2 f5 35. Qd2 Rf7 36. Re3 Qc8 37. Re1 Qc5 38. Re3 Qa5 39. Re1 Bd4 40. Qe2
Qc5 41. Rf1 f4 42. f3 Be3 43. Bd3 Rf6 44. Be4 Bd4 45. Qd3 Be3 46. Qe2 1/2-1/2